[Event "ICS rated blitz match"]
[Site "204.178.125.65"]
[Date "1999.08.07"]
[Round "?"]
[White "Hossa"]
[Black "Talmoves"]
[Result "0-1"]
[WhiteElo "2491"]
[BlackElo "2627"]
[Annotator "Fritz 5.32 (15s)"]
[PlyCount "169"]
[EventDate "1999.??.??"]

1. d4 1... e6 {Opening = A40 - 1.d4 ---} 2. Bf4 d5 3. e3 Nf6 4. Bd3 Bd6 5. Ne2
$146 (5. Bg3 O-O (5... Nbd7 6. Nf3 Ne4 7. Bxe4 dxe4 8. Nfd2 f5 9. c4 Nf6 10.
Nc3 O-O 11. Rc1 a6 12. c5 Be7 13. Nc4 Nd5 14. Be5 Bf6 15. O-O Bxe5 16. Nxe5 c6
17. Nxd5 exd5 18. g3 Qe8 19. Rc3 Rf6 20. f4 {
Mortimer,J-Blackburne,J/London 1904/HCL/ - (50)}) 6. Nd2 b6 7. Qe2 Bb7 8. Bh4 (
8. Ngf3 c5 9. c3 Qe7 10. Ne5 Nbd7 11. Ndf3 Ne4 12. Nxd7 Qxd7 13. Ne5 Bxe5 14.
dxe5 Qc7 15. Qh5 c4 16. Bc2 h6 17. Bf4 Nc5 18. O-O-O Nd3+ 19. Bxd3 cxd3 20.
Rxd3 Kh7 21. Rd4 b5 22. Bxh6 {1-0 Schmidt,L-Zobel,T/OLO-B 1994/GER (22)}) 8...
c5 9. c3 Nbd7 10. Bb5 Be7 11. f4 a6 12. Bd3 c4 13. Bc2 b5 14. a3 Ne4 15. Bxe7
Qxe7 16. Ngf3 f5 17. O-O Kh8 18. Ne5 Nxe5 19. fxe5 19... g5 {
Daly,H-Weberg,C/Forth Worth 1951/EXT 99/ - (52)}) (5. Bg5 Nbd7 6. Nd2 O-O 7.
Ngf3 h6 8. Bh4 Be7 9. O-O b6 10. c4 Bb7 11. Rc1 c5 12. cxd5 Nxd5 13. Bg3 Nb4
14. Bc4 Nf6 15. a3 Nc6 16. dxc5 Bxc5 17. Qe2 Bd6 18. Bh4 g5 19. Bg3 Bxg3 20.
fxg3 Qe7 21. Kh1 Kg7 22. Bb5 Rac8 23. Nb3 Rc7 24. Bxc6 Rxc6 25. Nbd4 Rxc1 26.
Rxc1 Rc8 27. Rxc8 Bxc8 28. Qc4 {
- Dangelowski,P-Janssen,H/Pinneberg 1996/EXT 98 (28)}) 5... O-O 6. O-O Nc6 7.
c4 dxc4 8. Bxc4 Bxf4 (8... e5 9. Bg5 $11) 9. Nxf4 e5 10. Ne2 exd4 11. exd4 Kh8
12. Re1 Qd6 13. Nbc3 13... Ng4 {Nun geraet Weiss unter starken Druck.} 14. f4
Bf5 15. Nd5 $17 (15. Qd2 $5 $11 $142 {muss unbedingt geprueft werden}) 15...
Na5 $1 {haelt den Vorteil fest} 16. Ng3 Nxc4 17. Nxf5 Qxd5 18. Qxg4 {
Droht Matt: Qxg7} 18... g6 19. Nh6 $19 (19. Ne3 $5 19... Nxe3 20. Rxe3 Qxd4 21.
Rae1 $17) 19... Qxd4+ 20. Kh1 Nxb2 21. Qh4 (21. f5 Qxg4 22. Nxg4 22... gxf5 $19
) 21... Nd3 22. Rf1 g5 23. Qg3 gxf4 24. Qh4 Rad8 25. Nf5 (25. Rab1 f5 26. Rxb7
Nf2+ 27. Kg1 Ne4+ 28. Kh1 Rf6 29. Nxf5 29... Rxf5 $19) 25... Qe5 26. Nh6 Rd6
27. Rab1 Qe2 (27... Qe4 $5 $142 {erleichterte Schwarz die Gewinnfuehrung} 28.
Rb5 Qe2 29. Rbb1 $19) 28. h3 (28. Kg1 {
kann das Vorangegangene nicht ungeschehen machen} 28... f5 $1 $19 {
logisch und kraftvoll}) 28... f5 29. Rf3 (29. Rxf4 {
aendert nichts am Ausgang der Partie} 29... Nxf4 30. Qxf4 30... Rdf6 $19) 29...
Rg6 (29... b6 $142 {liesse Weiss keine Chance} 30. Rxf4 Nxf4 31. Qxf4 $19) 30.
Rg1 c5 31. Nf7+ Rxf7 32. Qd8+ Rg8 33. Qxd3 Qxd3 34. Rxd3 Re8 35. Rf3 Re4 36.
Rgf1 Rd7 (36... Kg7 {ginge schneller} 37. Rxf4 Rxf4 38. Rxf4 $19) 37. Rxf4
37... Rxf4 {Droht Matt} 38. Rxf4 Rd5 39. Ra4 a6 40. Kh2 Kg7 41. Kg3 Kf6 42. Kf4
Rd2 (42... Rd4+ $5 $142 {waere im Gewinnsinne praeziser} 43. Rxd4 cxd4 44. h4
$19) 43. g4 (43. g3 Rd4+ 44. Rxd4 44... cxd4 $19) 43... fxg4 44. hxg4 (44. Kxg4
{holt die Kuh nicht vom Eis} 44... Ke5 45. Ra5 45... Kd4 $19) 44... Ke6 (44...
Rd4+ 45. Rxd4 45... cxd4 $19) 45. Ke4 Kd6 46. Ke3 Rg2 47. Kf3 Rh2 48. Kg3 Rc2
49. Rf4 Rxa2 50. Rf7 (50. Rf6+ Ke5 51. Rb6 Ra3+ 52. Kf2 52... Kf4 $19) 50... b5
51. Rxh7 Ke5 52. Rh5+ Kd4 53. g5 Re2 54. g6 Re8 55. g7 Rg8 56. Rg5 b4 57. Rg4+
Kd3 (57... Ke3 {damit wuerde Schwarz es sich noch erleichtern} 58. Kh4 b3 59.
Rg3+ Kf4 60. Rxb3 Rxg7 61. Kh3 $19) 58. Kf4 b3 59. Rg3+ Kc4 60. Rg2 Kd4 61. Kf5
c4 62. Kf6 (62. Ke6 {aendert nichts mehr} 62... c3 63. Rg4+ Kc5 64. Rg5+ Kb4
65. Rg4+ 65... Ka3 $19) 62... c3 63. Rg4+ Kd3 (63... Kc5 {
und Schwarz haette es noch leichter} 64. Rg5+ Kb4 65. Rg4+ Ka3 66. Kf7 Rxg7+
67. Kxg7 $19) 64. Rg3+ Kc4 65. Rg4+ Kc5 66. Rg5+ Kb4 67. Rg4+ Ka3 68. Kf7 Rxg7+
69. Kxg7 b2 70. Rg6 (70. Rg3 {aendert den traurigen Lauf der Dinge nicht} 70...
Kb3 $1 {die Entscheidung} 71. Rg6 b1=Q 72. Rb6+ 72... Kc2 $19) 70... b1=Q 71.
Rxa6+ Kb2 72. Rc6 Qg1+ (72... Qd3 73. Rxc3 Kxc3 74. Kf7 Qf5+ 75. Ke7 Kc4 76.
Kd6 Qf6+ 77. Kd7 Kc5 78. Ke8 Qg7 79. Kd8 Kd6 80. Ke8 Qe7#) 73. Kf7 73... Qd4 {
Es droht Matt} 74. Ke6 74... Qe4+ {Will c2 spielen} 75. Kd7 Qxc6+ 76. Kxc6 c2
77. Kd6 77... c1=Q {Droht Matt} 78. Ke7 (78. Kd7 {hilft auch nicht mehr} 78...
Qe1 79. Kd6 Qe8 80. Kd5 Kc3 81. Kd6 Kd4 82. Kc7 Kc5 83. Kb7 Qe7+ 84. Kc8 Kc6
85. Kb8 Qb7#) 78... Qg5+ 79. Kd7 (79. Ke6 {nuetzt auch nichts mehr} 79... Kc3
80. Kd6 Kd4 81. Ke6 Kc5 82. Kd7 Qf5+ 83. Kc7 Qf7+ 84. Kd8 Kd6 85. Kc8 Qc7#)
79... Kb3 (79... Qe5 80. Kc8 Qd6 81. Kb7 Qd7+ 82. Kb6 Kb3 83. Kc5 Kc3 84. Kb6
Kc4 85. Ka6 Kc5 86. Ka5 Qb5#) 80. Kc7 (80. Ke6 {hilft allerdings auch nicht}
80... Kc4 81. Kd6 Qf6+ 82. Kd7 Kc5 83. Ke8 Qg7 84. Kd8 Kd6 85. Ke8 Qe7#) 80...
Kc4 (80... Qe7+ 81. Kc6 Kc4 82. Kb6 Qd7 83. Ka6 Kc5 84. Ka5 Qb5#) 81. Kd7 (81.
Kb7 {waere gleichermassen fruchtlos} 81... Kc5 82. Ka8 Kb6 83. Kb8 Qd8#) 81...
Kc5 82. Ke6 Kc6 83. Kf7 Kd6 84. Kf8 Ke6 85. Ke8 0-1

[Event "ICS rated blitz match"]
[Site "204.178.125.65"]
[Date "1999.08.07"]
[Round "?"]
[White "mkarp"]
[Black "Hossa"]
[Result "0-1"]
[WhiteElo "2158"]
[BlackElo "2481"]
[PlyCount "58"]
[EventDate "1999.??.??"]

1. e4 c6 2. d4 d5 3. exd5 cxd5 4. Bd3 Nc6 5. Nf3 Bg4 6. c3 e5 7. dxe5 Nxe5 8.
Bb5+ Nc6 9. h3 Bxf3 10. Qxf3 a6 11. Ba4 Bc5 12. O-O Nge7 13. Nd2 O-O 14. Bc2
Re8 15. Nb3 Ba7 16. Bg5 h6 17. Bf4 Bb8 18. Rad1 Bxf4 19. Qxf4 Qb8 20. Qh4 Qc7
21. Nd4 Qa5 22. a3 Qb6 23. Rfe1 Qxb2 24. Re3 Nxd4 25. Qxd4 Qxc2 26. Rde1 Kf8
27. Qc5 b6 28. Qd6 Qg6 29. Qd7 29... Qc6 {mkarp resigns} 0-1

[Event "ICS rated blitz match"]
[Site "204.178.125.65"]
[Date "1999.08.07"]
[Round "?"]
[White "Hossa"]
[Black "mkarp"]
[Result "1-0"]
[WhiteElo "2485"]
[BlackElo "2154"]
[PlyCount "105"]
[EventDate "1999.??.??"]

1. d4 Nf6 2. c4 g6 3. Nc3 Bg7 4. e4 d6 5. f3 O-O 6. Be3 Nc6 7. Rb1 e5 8. d5 Ne7
9. b4 Nh5 10. g4 Nf4 11. h4 f5 12. exf5 gxf5 13. g5 Nh5 14. Nge2 f4 15. Bf2 e4
16. Nxe4 Bf5 17. b5 Ng6 18. Qc2 Ne5 19. Bg2 c6 20. O-O cxd5 21. cxd5 Rc8 22.
Qa4 Rc4 23. Rb4 Bxe4 24. Rxc4 Nxf3+ 25. Bxf3 Bxf3 26. Nxf4 Qd7 27. Ne6 Bxd5 28.
Rc7 Qxe6 29. Bxa7 Rxf1+ 30. Kxf1 Ng3+ 31. Kg1 Qe1+ 32. Kh2 Qh1+ 33. Kxg3 Be5+
34. Kf2 Qf3+ 35. Ke1 Bg3+ 36. Kd2 Bf4+ 37. Ke1 Qh1+ 38. Ke2 Bf3+ 39. Kd3 Be4+
40. Qxe4 Qd1+ 41. Kc3 Be5+ 42. Kb4 Qd2+ 43. Kb3 Qb2+ 44. Kc4 Qc3+ 45. Kd5 Qxc7
46. Qf3 Qc2 47. Qf2 Qd3+ 48. Ke6 Qc4+ 49. Kd7 Qxb5+ 50. Ke7 Bg7 51. Qf7+ Kh8
52. Bd4 Qe2+ 53. Kd8 {mkarp resigns} 1-0

[Event "ICS rated blitz match"]
[Site "204.178.125.65"]
[Date "1999.08.07"]
[Round "?"]
[White "Njall"]
[Black "Hossa"]
[Result "0-1"]
[WhiteElo "2284"]
[BlackElo "2489"]
[PlyCount "72"]
[EventDate "1999.??.??"]

1. d4 Nf6 2. c4 d6 3. Nc3 Bf5 4. Nf3 e6 5. Bg5 Be7 6. e3 Ne4 7. Nxe4 Bxe4 8.
Bxe7 Qxe7 9. Bd3 Bxd3 10. Qxd3 e5 11. dxe5 dxe5 12. Qc3 Nd7 13. O-O O-O 14. b4
e4 15. Nd4 c5 16. bxc5 Qxc5 17. Rab1 b6 18. Rb5 Qe7 19. Nf5 Qf6 20. Qxf6 Nxf6
21. c5 Rfd8 22. cxb6 axb6 23. Rxb6 Rxa2 24. h3 h5 25. Rfb1 Rdd2 26. Rf1 Kh7 27.
Nd4 Kg6 28. Rb5 Ne8 29. Re5 Nd6 30. Rd5 Nc4 31. Nf5 Kf6 32. Rxd2 Nxd2 33. Ng3
h4 34. Nh5+ Kg5 35. Nxg7 Nxf1 36. Kxf1 36... Ra8 {Njall resigns} 0-1

[Event "ICS Rated blitz match"]
[Site "204.178.125.65"]
[Date "1999.08.07"]
[Round "?"]
[White "HAL-9000"]
[Black "Hossa"]
[Result "0-1"]
[WhiteElo "2076"]
[BlackElo "2504"]
[PlyCount "84"]
[EventDate "1999.??.??"]

1. e4 c6 2. d4 d5 3. Nc3 dxe4 4. Nxe4 Bf5 5. Ng3 Bg6 6. h4 Qa5+ 7. c3 Nd7 8. h5
Bf5 9. Nxf5 Qxf5 10. Bd3 Qd5 11. Qf3 O-O-O 12. Qxd5 cxd5 13. Nf3 f6 14. Bf4 Re8
15. Bb5 a6 16. Bxd7+ Kxd7 17. Kd2 e6 18. Rae1 Bd6 19. Bxd6 Kxd6 20. Nh4 Ne7 21.
f4 g6 22. hxg6 hxg6 23. g3 Nf5 24. Nxf5+ gxf5 25. b3 Rxh1 26. Rxh1 Rg8 27. Rh3
b5 28. Kd3 a5 29. Ke3 a4 30. Kf3 Rc8 31. bxa4 Rxc3+ 32. Kg2 bxa4 33. Rh6 Ra3
34. Rxf6 Rxa2+ 35. Kh3 Rd2 36. Rf7 Rxd4 37. Ra7 Kc5 38. Ra6 Re4 39. Kh4 Kb4 40.
Kg5 a3 41. g4 fxg4 42. Kxg4 42... e5 {HAL-9000 resigns} 0-1

[Event "ICS rated blitz match"]
[Site "204.178.125.65"]
[Date "1999.08.07"]
[Round "?"]
[White "Hossa"]
[Black "Talmoves"]
[Result "0-1"]
[WhiteElo "2507"]
[BlackElo "2590"]
[Annotator "Fritz 5.32 (15s)"]
[PlyCount "120"]
[EventDate "1999.??.??"]

1. d4 1... Nf6 {Opening = E31 - 4.Bg5 h6 5.Bh4 c5 6.d5 d6} 2. c4 e6 3. Nc3 Bb4
4. Bg5 h6 5. Bh4 c5 6. d5 d6 7. Rc1 e5 (7... Bxc3+ 8. Rxc3 g5 9. Bg3 Ne4 10.
Ra3 Qb6 11. Qb3 Qxb3 12. Rxb3 b5 13. e3 exd5 14. cxd5 a6 15. Nf3 c4 16. Rb4 Nf6
17. Bxc4 bxc4 18. Bxd6 Nbd7 19. Rxc4 Nb6 20. Rd4 Nfxd5 21. Bc5 Rb8 22. O-O {
Haba,P-Movsesian,S/Zlin 1997/CBM 61/ - (49)}) 8. f3 Nbd7 9. e4 $146 (9. e3 Nf8
10. Bd3 Ng6 11. Bxg6 fxg6 12. Nge2 g5 13. Bf2 g4 14. f4 exf4 15. exf4 O-O 16.
O-O Nh5 17. Be1 Bf5 18. a3 Ba5 19. Ng3 Nxg3 20. Bxg3 Qd7 21. Kh1 Rae8 22. Re1
Bd8 23. Qd2 Bf6 24. Rxe8 Rxe8 25. Re1 a6 26. Bf2 h5 27. Re3 Kf7 28. Ne2 h4 29.
b4 b6 30. Nc1 Rxe3 31. Bxe3 Qa4 32. Qe2 32... Qxa3 {
0-1 Simon,G-Cerisier,P/Rouen 1987/EXT 97 (32)}) 9... O-O 10. Bd3 Nb6 11. Nge2
Bd7 12. O-O 12... a6 {Deckt b5} 13. f4 $15 (13. a3 $5 {muss erwogen werden}
13... Ba5 14. Rb1 $14) 13... exf4 14. a3 ({Schwaecher ist} 14. Rxf4 14... g5
15. Rxf6 15... Qxf6 $19) (14. Nxf4 g5 15. Nh5 15... Ng4 $11) 14... Ba5 $15 (
14... Bxc3 15. Nxc3 (15. bxc3 $143 15... g5 $19) 15... g5 16. Bf2 $15) 15. Rb1
({Schlechter scheint} 15. Rxf4 15... g5 16. Rxf6 16... Qxf6 $17) ({
Schlechter ist} 15. Nxf4 15... g5 16. Nh5 16... Ng4 $11) 15... Nc8 16. Bxf6 ({
Und nicht} 16. Rxf4 16... g5 17. Rxf6 17... Qxf6 $17) (16. Nxf4 $6 16... g5 17.
Bf2 17... b5 $11) 16... Qxf6 17. Rxf4 Qg5 18. b4 Bb6 19. Kh1 cxb4 20. axb4 Be3
21. Rf1 Nb6 22. Qe1 Rac8 23. Nd1 $17 (23. h4 $5 $142 {steht zur Diskussion}
23... Qh5 24. Qg3 $11) 23... Bd2 $11 (23... Nxc4 $142 24. Bxc4 Rxc4 25. Nxe3
25... Qxe3 $19) 24. h4 24... Bxe1 {Schwarz geht zum Angriff ueber} 25. hxg5 Bd2
26. c5 {Weiss gewinnt Raum} 26... dxc5 27. bxc5 Na4 28. c6 28... bxc6 {
Verwehrt dem Gegner b5} 29. gxh6 cxd5 30. exd5 Bxh6 31. Bxa6 Rc5 32. Bb7 32...
Rb8 {Mit der Idee Rc7} 33. d6 Bg4 (33... Re5 34. Nd4 $19) 34. Nf4 $19 (34. Ng3
$5 34... Bxd1 $1 {und der Wal spuckt Jonas wieder aus} 35. Rbxd1 $17) 34...
Bxd1 35. Rbxd1 Bxf4 36. Bd5 $2 $19 (36. Rxf4 $142 36... Nc3 37. Rff1 Nxd1 38.
Rxd1 $19) 36... Nc3 37. Bxf7+ (37. Rxf4 Rxd5 (37... Nxd1 38. Bxf7+ Kf8 39. Bg6+
Kg8 40. Bf7+ Kf8 41. Bg6+ Kg8 42. Bf7+ $11) (37... Nxd5 38. Rf5 Rd8 39. Rfxd5
Rxd5 40. Rxd5 $17) 38. Rxd5 38... Nxd5 $19) 37... Kxf7 38. Rxf4+ Ke6 39. Rd2
Re5 40. g4 Ne4 41. Rd3 Rb1+ 42. Kg2 Rb2+ 43. Kh3 Nc5 44. Rdd4 (44. Ra3 $19 {
der letzte Widerstandsversuch}) 44... g5 (44... Re3+ {
damit wuerde Schwarz es sich noch erleichtern} 45. Kh4 Ke5 46. d7 $19) 45. Rf3
45... Ree2 {Es droht Matt} 46. Rc3 (46. Rfd3 {ist der letzte Strohhalm} 46...
Nxd3 47. Rxd3 $19) 46... Ke5 {Es droht Matt} 47. d7 {
Weiss droht, mit Rxc5 kontern} 47... Kxd4 {Mit der Mattdrohung Kxc3} 48. d8=Q+
48... Kxc3 {Droht Matt: Re3} 49. Qf6+ 49... Kc4 {Droht Matt} 50. Qf7+ Ne6 51.
Qf3 Nf4+ 52. Kg3 Rg2+ 53. Qxg2 Rxg2+ 54. Kf3 54... Kd5 $19 (54... Re2 55. Kg3
Kd3 56. Kf3 Nd5 57. Kg3 Ke4 58. Kh3 Nf4+ 59. Kg3 Rg2#) 55. Ke3 Rxg4 (55... Rc2
56. Kf3 Rc3+ 57. Kf2 Ke4 58. Kg1 Kf3 59. Kh1 Kg3 60. Kg1 Rc1#) 56. Kd2 Rg2+ 57.
Kc3 (57. Kd1 {macht keinen grossen Unterschied} 57... Kd4 58. Kc1 Kc3 59. Kb1
Rg1+ 60. Ka2 g4 61. Ka3 Ra1#) 57... Kc5 58. Kb3 Nd5 59. Ka4 Rg3 60. Ka5 Ra3#
0-1

[Event "ICS rated blitz match"]
[Site "204.178.125.65"]
[Date "1999.08.07"]
[Round "?"]
[White "Talmoves"]
[Black "Hossa"]
[Result "1-0"]
[WhiteElo "2602"]
[BlackElo "2495"]
[Annotator "Fritz 5.32 (15s)"]
[PlyCount "103"]
[EventDate "1999.??.??"]

1. Nf3 1... Nc6 {Opening = C64 - 3.Bb5 Bc5} 2. e4 e5 3. Bb5 Bc5 4. O-O Nge7 5.
c3 5... f5 $146 (5... a6 6. Ba4 b5 (6... f5 7. exf5 b5 8. Bc2 d5 9. Nh4 O-O 10.
Qh5 e4 11. d4 Nxf5 12. Bg5 Be7 13. Bxe7 Qxe7 14. Nxf5 Rxf5 15. Qe2 Be6 16. Nd2
Raf8 17. f3 Rg5 18. fxe4 Bh3 19. Rxf8+ Qxf8 20. g3 Ne7 21. exd5 Nxd5 22. Re1 c5
23. dxc5 Qxc5+ 24. Kh1 Nf6 25. Ne4 Qc6 26. Qf3 Kh8 27. Nxg5 {
1-0 Kristinsson,A-Damgaard,S/Copenhagen 1998/CBM 65 ext (27)}) 7. Bc2 d6 8. d3
O-O 9. Nbd2 f5 10. Nb3 Bb6 11. h3 f4 12. d4 Qe8 13. Qe2 Qh5 14. Kh2 Bg4 15. d5
Nd8 16. Nbd2 Rf6 17. Qd3 Rh6 18. Ng1 Nf7 19. Ndf3 Ng6 20. Bd1 Rf8 21. a4 Nh4
22. Nxh4 Qxh4 23. Bxg4 Qxg4 24. Qe2 Qd7 25. Bd2 Ng5 26. Qe1 Qg4 27. f3 Bxg1+
28. Rxg1 28... Rxh3+ {0-1 Zilanus,A-Csorba,J/Marijampole 1994/EXT 97 (28)}) (
5... O-O 6. d4 exd4 (6... Bd6 7. Be3 Ng6 8. dxe5 Ncxe5 9. Nxe5 Bxe5 10. f4 Bf6
11. Qh5 d6 12. Nd2 Ne7 13. f5 d5 14. Rad1 Bd7 15. Bxd7 Qxd7 16. Nf3 Rae8 17.
Qh3 Qc8 18. e5 Nxf5 19. exf6 Nxe3 20. Qg3 g6 21. Qg5 {
Mikenas,V-Klaman,K/Moscow 1957/URS-ch/0-1 (31)}) 7. cxd4 Bb6 8. d5 Nb8 9. Nc3
d6 10. h3 a6 11. Ba4 Ng6 12. Re1 Nd7 13. Bg5 f6 14. Be3 Nde5 15. Bxb6 Nxf3+ 16.
Qxf3 cxb6 17. Bc2 Qe7 18. Qe3 b5 19. f4 Bd7 20. a3 {
Andrijevic,M-Vebic,K/JUG 1991/TD/ - (69)}) (5... d6 6. d4 exd4 7. cxd4 Bb6 8.
d5 a6 9. Ba4 O-O 10. dxc6 bxc6 11. Bg5 f6 12. Bh4 d5 13. Nc3 d4 14. Ne2 c5 15.
Qd3 a5 16. Nd2 Ba6 17. Bb3+ Kh8 18. Bc4 Bb7 19. Nf4 Qd7 20. Ne6 {
Barnes,T-Mongredien,A/London 1862/HCL/1-0 (71)}) 6. d4 exd4 7. cxd4 fxe4 8.
dxc5 exf3 9. Qxf3 9... Ne5 $16 (9... Nd4 $5 10. Qh5+ 10... Kf8 $14) 10. Qh5+
$14 (10. Qc3 a6 11. Qxe5 axb5 12. Re1 $18) 10... Nf7 11. Bc4 {Droht Matt: Qxf7}
11... O-O 12. Rd1 b6 13. Be3 d6 14. cxd6 {Weiss erhaelt Koenigsangriff} 14...
cxd6 {Staerkt c5.} 15. Nc3 15... Bf5 $2 $18 (15... Nf5 $5 $16 $142) 16. Bg5 Rc8
17. Bb3 Bg6 (17... Rc5 18. Re1 Bg6 19. Qh4 (19. Bxe7 $6 19... Bxh5 20. Bxd8
20... Rxd8 $14) 19... Rxg5 20. Qxg5 $18) 18. Qh4 Re8 19. Nd5 Rc7 (19... Kf8 20.
Nxe7 Rxe7 21. Bxf7 Bxf7 22. Qxh7 $18) 20. Rac1 (20. Bxe7 $6 20... Rcxe7 21.
Nxe7+ 21... Rxe7 $18) (20. Nxe7+ $6 20... Rexe7 21. Bxe7 21... Rxe7 $18) 20...
Nf5 (20... Rxc1 {kann das Vorangegangene nicht ungeschehen machen} 21. Rxc1 (
21. Bxc1 $6 21... Nxd5 22. Qxd8 Nxd8 23. Bxd5+ 23... Bf7 $11) 21... Nf5 22.
Bxd8 Nxh4 23. Bxh4 $18) 21. Rxc7 $1 {die Pointe} ({Nicht} 21. Nxc7 21... Nxh4
22. Bxd8 22... Rxd8 $18) 21... Qxg5 22. Qxg5 Nxg5 23. Nf6+ Kf8 24. Nd7+ (24.
Nxe8 $142 {und Weiss gewinnt} 24... Bxe8 25. Re1 25... g6 $18) 24... Ke7 25.
Nxb6+ Kf8 26. Nd7+ Ke7 27. Rxa7 Kd8 28. Nb6 {Droht Matt} 28... Re7 29. Ra8+ (
29. Rxe7 {waere im Gewinnsinne praeziser} 29... Nxe7 30. Rxd6+ Ke8 31. Ba4+
31... Kf7 $18) 29... Kc7 30. Nd5+ Kb7 31. Nxe7 {Mit der Mattdrohung Bd5} 31...
Kxa8 32. Nxg6 (32. Nxf5 {laesst dem Gegner kaum Chancen} 32... Bxf5 33. Rd5
33... g6 $18) 32... hxg6 33. f4 Nh7 34. g4 Nh4 35. Kf2 g5 36. Rxd6 gxf4 37. Rd7
Nf6 38. Rxg7 {Der Freibauer g4 wird schnell zu einer gefaehrlichen Waffe} 38...
Kb8 39. Ke2 Ka8 (39... Kc8 {hilft auch nicht mehr} 40. Rf7 Ne4 41. Rxf4 $18)
40. g5 (40. a4 $5 {ist genauer} 40... Kb8 41. a5 f3+ 42. Ke3 f2 43. Kxf2 Ne4+
44. Ke2 44... Nc5 $18) 40... f3+ 41. Kd3 (41. Kf1 $5 {
und Weiss haette es noch leichter} 41... Ng4 42. Be6 42... Ne5 $18) 41... Ng4
42. Bd5+ Kb8 43. Rb7+ Kc8 44. Rh7 Nxh2 45. Rxh4 f2 46. Rf4 $1 {triumphiert} (
46. Rxh2 $6 {scheint erheblich schwaecher} 46... f1=Q+ 47. Ke4 47... Kd7 $18)
46... Kd7 47. g6 Kc7 48. Bg2 {Mit der Absicht g7} 48... f1=R 49. Bxf1 Kd8 50.
g7 {Droht Matt: Rf7} 50... Nxf1 (50... Kc7 {hilft allerdings auch nicht} 51.
Rf7+ Kd6 52. g8=Q Kc5 53. Rf6 Kb5 54. Qd5+ Kb4 55. Rf4#) 51. Rf7 Nd2 (51... Ne3
{aendert den traurigen Lauf der Dinge nicht} 52. g8=Q#) 52. g8=Q# 1-0

[Event "ICS rated blitz match"]
[Site "204.178.125.65"]
[Date "1999.08.07"]
[Round "?"]
[White "Hossa"]
[Black "Sphinxman"]
[Result "1-0"]
[WhiteElo "2484"]
[BlackElo "2035"]
[PlyCount "83"]
[EventDate "1999.??.??"]

1. d4 c5 2. d5 Nf6 3. c4 b5 4. cxb5 a6 5. f3 axb5 6. e4 Qa5+ 7. Bd2 b4 8. Kf2
d6 9. Bg5 Nbd7 10. Bc4 g6 11. Qd2 Bg7 12. Bh6 O-O 13. Qc1 Ba6 14. Bxa6 Qxa6 15.
Bxg7 Kxg7 16. Ne2 Ne5 17. Qd2 Nfd7 18. Rf1 Qd3 19. Kg1 Qxd2 20. Nxd2 Rfc8 21.
f4 Nd3 22. Nc4 b3 23. axb3 Rab8 24. Rf3 Rxb3 25. Ra7 Nf6 26. Rxe7 Rcb8 27. Nxd6
Nxb2 28. Rxf7+ Kg8 29. Rxf6 c4 30. f5 Nd3 31. fxg6 Rb1+ 32. Rf1 Rxf1+ 33. Rxf1
hxg6 34. Nxc4 Rb4 35. Nd6 Rb2 36. Nd4 Ne5 37. h3 Rd2 38. Nf3 Re2 39. Nxe5 Rxe4
40. Nxe4 g5 41. Rf7 Kh8 42. Nf6 {Sphinxman resigns} 1-0

[Event "ICS rated blitz match"]
[Site "204.178.125.65"]
[Date "1999.08.08"]
[Round "?"]
[White "MissSilicon"]
[Black "Hossa"]
[Result "1-0"]
[WhiteElo "2610"]
[BlackElo "2486"]
[PlyCount "151"]
[EventDate "1999.??.??"]

1. e4 c6 2. d4 d5 3. Nc3 dxe4 4. Nxe4 Bf5 5. Ng3 Bg6 6. h4 Qa5+ 7. c3 Nd7 8. h5
Bf5 9. d5 e6 10. Nxf5 exf5 11. Qe2+ Kd8 12. dxc6 bxc6 13. Bg5+ Be7 14. Nf3 Bxg5
15. Nxg5 Nh6 16. Qd2 Qd5 17. Qxd5 cxd5 18. O-O-O Nb6 19. Bd3 Rb8 20. Bxf5 Nxf5
21. Nxf7+ Kd7 22. Nxh8 Rxh8 23. Rde1 Rc8 24. Re5 Ne7 25. Rhe1 Re8 26. h6 Nc4
27. Re6 g5 28. Ra6 Ra8 29. Rh1 Ne5 30. Rh5 Nd3+ 31. Kc2 Nc5 32. Rf6 Rh8 33. b4
Ne6 34. Kd2 Nc8 35. Rf7+ Ne7 36. a4 Ke8 37. Rf6 Kd7 38. f3 Nc8 39. Rf7+ Ne7 40.
a5 Nd8 41. Rf6 Ne6 42. g4 Nc6 43. Rf7+ Ne7 44. b5 Ke8 45. Rf6 Kd7 46. Rh1 d4
47. c4 Re8 48. Rf7 Rh8 49. Re1 Rf8 50. Rxf8 Nxf8 51. b6 axb6 52. axb6 Nc6 53.
Rb1 Kd6 54. Rb5 Nd7 55. Rd5+ Ke6 56. b7 Nde5 57. Rd8 Nxc4+ 58. Ke2 N4e5 59.
b8=Q Nxb8 60. Rxb8 Kf6 61. Rd8 Nf7 62. Rxd4 Nxh6 63. Rd6+ Kg7 64. Rc6 Ng8 65.
Rc7+ Kg6 66. Ke3 Nf6 67. Kd4 Ng8 68. Ke5 Nh6 69. Ke6 Ng8 70. Rc8 Nh6 71. Ke7
Kg7 72. Rc7 Ng8+ 73. Ke8+ Kh6 74. Kf7 Ne7 75. Rc2 Ng8 76. Rh2# {
Hossa checkmated} 1-0

[Event "ICS rated blitz match"]
[Site "204.178.125.65"]
[Date "1999.08.08"]
[Round "?"]
[White "Hossa"]
[Black "bookbuilder"]
[Result "0-1"]
[WhiteElo "2475"]
[BlackElo "2747"]
[PlyCount "133"]
[EventDate "1999.??.??"]

1. d4 Nf6 2. c4 e6 3. Nc3 Bb4 4. Bg5 c5 5. d5 O-O 6. Nf3 exd5 7. cxd5 d6 8. a3
Ba5 9. e3 Qb6 10. Bxf6 Qxb2 11. Qc1 Qxc1+ 12. Rxc1 gxf6 13. Nd2 Bf5 14. f3 Rd8
15. Be2 Nd7 16. e4 Bg6 17. Nc4 Bxc3+ 18. Rxc3 Nb6 19. g4 Nxc4 20. Bxc4 a6 21.
h4 h5 22. gxh5 Bxh5 23. f4 Re8 24. Re3 Bg6 25. Rg1 Kf8 26. f5 Bxf5 27. Bd3 Bxe4
28. Bxe4 f5 29. h5 Rxe4 30. Rxe4 fxe4 31. Rg4 Ke7 32. Rxe4+ Kf6 33. Rf4+ Ke5
34. Rxf7 b5 35. h6 Rh8 36. h7 Kxd5 37. Kd2 a5 38. Kd3 b4 39. axb4 axb4 40. Rc7
Re8 41. Kd2 c4 42. Rf7 Kd4 43. Rf4+ Kc5 44. Rf7 d5 45. Rf5 Rh8 46. Rh5 Kd4 47.
Kc2 Ke4 48. Kd2 d4 49. Rh4+ Kd5 50. Rh5+ Kc6 51. Rh6+ Kb5 52. Rh5+ Ka4 53. Rh4
c3+ 54. Kd3 Ka3 55. Rxd4 Rxh7 56. Rc4 Rh3+ 57. Ke2 b3 58. Rc7 c2 59. Kf2 Kb2
60. Kg2 c1=Q 61. Kxh3 Qxc7 62. Kg4 Kc3 63. Kg5 Qf7 64. Kh4 Qg7 65. Kh3 b2 66.
Kh2 b1=Q 67. Kh3 {Hossa resigns} 0-1

[Event "ICS rated blitz match"]
[Site "204.178.125.65"]
[Date "1999.08.08"]
[Round "?"]
[White "bookbuilder"]
[Black "Hossa"]
[Result "1/2-1/2"]
[WhiteElo "2753"]
[BlackElo "2469"]
[PlyCount "222"]
[EventDate "1999.??.??"]

1. e4 c6 2. Nf3 d5 3. e5 Nd7 4. Be2 f6 5. d4 fxe5 6. dxe5 e6 7. Bf4 Qb6 8. b3
Bc5 9. O-O Ne7 10. Ng5 Bd4 11. c3 Bxe5 12. Nxe6 Bxf4 13. Bh5+ g6 14. Nxf4 O-O
15. Qg4 Kh8 16. Nd2 gxh5 17. Qg5 Rf5 18. Qxe7 Rxf4 19. Qe8+ Rf8 20. Qxh5 Nf6
21. Qh6 Qc5 22. b4 Qe7 23. Rae1 Qg7 24. Qe3 Bg4 25. Qd3 Qg6 26. Qg3 Qc2 27. Nb3
Qxa2 28. Nd4 Rf7 29. Ne6 Be2 30. Ng5 Rg7 31. Qe5 Bxf1 32. Qxf6 Be2 33. Ne6 Rag8
34. Nxg7 Rxg7 35. Qf8+ Rg8 36. Qe7 Bh5 37. Qe5+ Rg7 38. Qxh5 Re7 39. Rf1 Qd2
40. Qf3 Kg7 41. Qg4+ Kf8 42. Qg3 Kf7 43. Qh3 h6 44. Qf3+ Ke8 45. Qg3 Kd7 46.
Qb8 Qxc3 47. Qxb7+ Ke6 48. Qc8+ Kd6 49. Qb8+ Ke6 50. b5 cxb5 51. Qxb5 Qc4 52.
Qb8 Qe2 53. Qc8+ Kd6 54. Qc3 h5 55. Rc1 Qe4 56. Ra1 Qe2 57. Qf6+ Re6 58. Qd8+
Ke5 59. f3 a6 60. Qh8+ Kd6 61. h3 Re5 62. Qf6+ Re6 63. Qd8+ Ke5 64. Qg5+ Kd6
65. Qxh5 Qd3 66. Qh4 Kd7 67. Qf4 Ke8 68. Rc1 Qe3+ 69. Qxe3 Rxe3 70. Kf2 Re6 71.
g4 Rh6 72. Rh1 a5 73. g5 Rc6 74. h4 a4 75. h5 Kf7 76. g6+ Kf6 77. h6 Rc8 78.
Rg1 d4 79. g7 Kf7 80. Rg4 Kg8 81. Rxd4 Ra8 82. Ke3 a3 83. Rd1 a2 84. Ra1 Ra6
85. Ke4 Rxh6 86. Rxa2 Kxg7 87. Ra7+ Kf8 88. f4 Re6+ 89. Kf5 Rc6 90. Kg5 Kg8 91.
f5 Kf8 92. f6 Rc3 93. Kf5 Rf3+ 94. Ke5 Re3+ 95. Kf4 Rh3 96. Rc7 Rh5 97. Ke4 Rg5
98. Rh7 Rg2 99. Ke5 Re2+ 100. Kf5 Rf2+ 101. Ke6 Re2+ 102. Kd6 Rf2 103. Rh6 Re2
104. Kc7 Rf2 105. Rg6 Kf7 106. Rg7+ Kxf6 107. Rg8 Rf4 108. Rh8 Rf5 109. Rg8 Rf4
110. Rh8 Rf5 111. Rg8 111... Rf4 {Game drawn by repetition} 1/2-1/2